| 000 | 00317nam a2200145 i 4500 | ||
|---|---|---|---|
| 001 | bg | ||
| 100 | 1 | _aMACKE, W. | |
| 245 | 0 |
_aThermodynamik und Statistik / _cW. Macke. |
|
| 250 | _a3 Aufl. | ||
| 260 |
_aLipsk, _c1967. |
||
| 040 | _cBPK | ||
| 041 | _apol | ||
| 942 | _cKS | ||
| 008 | s pl f |000 0 pol | ||
| 999 |
_c8577 _d8577 |
||
| 856 |
_uhttp://koha.tu.koszalin.pl/cgi-bin/koha/opac-detail.pl?biblionumber=8577 _yKatalog online BPK |
||